| 000 | 01089nac a22002897a 4500 | ||
|---|---|---|---|
| 001 | BR7604348 | ||
| 003 | BR-BrBNA | ||
| 005 | 20240105114006.0 | ||
| 008 | 230509b bl.|||m| |||| 00| 0 por d | ||
| 040 |
_aBR-BrBNA _bpor _cBiblioteca Nacional de Agricultura |
||
| 072 | _aH60 | ||
| 090 | _a0336 BR7604348 | ||
| 100 | 1 | _aRamos, M. | |
| 110 | 1 |
_aEmpresa Brasileira de Pesquisa Agropecuaria, Curitiba, PR. Representacao Estadual no Parana _93885 |
|
| 245 | 1 | _aEfeito de doses e epocas de aplicacao do produto HOE 23408 no controle do papua (Brachiaria plantaginea), em tratamento de pos-emergencia, na cultura da soja [erva daninha, controle quimico] | |
| 260 | 3 |
_aCuritiba, PR (Brasil): _c1976. |
|
| 300 | _a3 p. | ||
| 490 |
_aComunicado Tecnico - Empresa Brasileira de Pesquisa Agropecuaria. Representacao Estadual no Parana (Brazil) _vno. 3 _x |
||
| 650 | _aSOJA | ||
| 650 | _aPAPUA | ||
| 650 | _aERVA DANINHA | ||
| 650 | _aHERBICIDA | ||
| 650 | _aPOS-EMERGENCIA | ||
| 650 | _aCONTROLE QUIMICO | ||
| 909 |
_a202312 _bLúcia Elande _c55 _dLúcia Elande |
||
| 942 |
_2AGRIS _n0 _cMS |
||
| 999 |
_c266766 _d266766 |
||